ბათუმის შოთა რუსთაველის სახელმწიფო უნივერსიტეტის ბიბლიოთეკა

ბიბლიური მოთხრობები(ძველი აღთქმა) (ბიბ.ჩანაწერი № 36558)

000 -LEADER
fixed length control field 00601nam a2200193Ia 4500
001 - CONTROL NUMBER
control field 2477
003 - CONTROL NUMBER IDENTIFIER
control field GE_BSU
008 - FIXED-LENGTH DATA ELEMENTS--GENERAL INFORMATION
fixed length control field 181216s||||||||xx |||||||||||||| ||und||
040 ## - CATALOGING SOURCE
Transcribing agency GE_BSU
080 ## - UNIVERSAL DECIMAL CLASSIFICATION NUMBER
Universal Decimal Classification number 27–24
245 ## - TITLE STATEMENT
Title ბიბლიური მოთხრობები(ძველი აღთქმა)
245 ## - TITLE STATEMENT
Statement of responsibility, etc. რედ. ზურაბ კიკნაძე
260 ## - PUBLICATION, DISTRIBUTION, ETC.
Place of publication, distribution, etc. თბილისი
260 ## - PUBLICATION, DISTRIBUTION, ETC.
Date of publication, distribution, etc. 1992
300 ## - PHYSICAL DESCRIPTION
Extent 327 გვ
653 ## - INDEX TERM--UNCONTROLLED
Uncontrolled term ბიბლიური მოთხრობები(ძველი აღთქმა)
942 ## - ADDED ENTRY ELEMENTS (KOHA)
Koha item type წიგნი
ეგზემპლარები
Withdrawn status Lost status Damaged status Not for loan Date acquired Barcode Date last seen Price effective from Koha item type
        2018-12-17 1247 2018-12-17 2018-12-17 წიგნი